All Sony Animated Movies - Statistics

General Stats
  • This quiz has been taken 50 times
  • The average score is 11 of 48
Answer Stats
Year Movie % Correct
2018 Spider-Man: Into the Spider-Verse
65%
2023 Spider-Man: Across the Spider-Verse
58%
2012 Hotel Transylvania
50%
2015 Hotel Transylvania 2
50%
2017 The Emoji Movie
48%
2009 Cloudy With A Chance of Meatballs
45%
2011 The Smurfs
43%
2013 Cloudy With A Chance of Meatballs 2
38%
TBD Spider-Man: Beyond the Spider-Verse
38%
2006 Open Season
35%
2013 The Smurfs 2
35%
2018 Hotel Transylvania 3: Summer Vacation
33%
2017 Smurfs: The Lost Village
33%
2007 Surf's Up
33%
2009 Open Season 2
30%
2011 Open Season 3
30%
2016 The Angry Birds Movie
30%
2021 The Mitchells vs. the Machine
30%
2019 The Angry Birds Movie 2
28%
2018 Peter Rabbit
25%
2015 Open Season: Scared Silly
23%
2022 Hotel Transylvania 4: Transformania
20%
2025 K-Pop: Demon Hunters
20%
2011 Arthur Christmas
18%
2015 Goosebumps
18%
2017 Surf's Up 2: WaveMania
18%
2012 The Pirates! Band of Misfits
18%
2017 The Star
18%
2021 Vivo
18%
2026 Goat
15%
2006 Monster House
15%
2009 Planet 51
15%
2024 The Garfield Movie
15%
TBD Fixed
13%
2018 Goosebumps 2: Haunted Halloween
13%
2015 Pixels
13%
2021 Wish Dragon
13%
2021 Peter Rabbit 2: The Runaway
10%
2016 Sausage Party
10%
2022 Lyle, Lyle, Crocodile
8%
1999 Stuart Little
8%
2002 Eight Crazy Nights
5%
2001 Final Fantasy: The Spirit's Within
5%
2024 Harold and the Purple Crayon
5%
2002 Stuart Little 2
5%
2001 The Trumpet of the Swan
5%
2025 Animal Friends
3%
2025 Paddington in Peru
3%
No matching quizzes found
Score Distribution
Percent of People with Each Score
Percentile by Number Answered
Your Score History
You have not taken this quiz